| 000 | 00555nam a2200181 i 4500 | ||
|---|---|---|---|
| 001 | 86384 | ||
| 003 | ES-MaACL | ||
| 005 | 20230906175433.0 | ||
| 007 | t| | ||
| 008 | 041209s1969 sp ||||1| spa d | ||
| 100 | 1 |
_aKarlson, Peter. _967567 |
|
| 245 | 1 | 0 |
_aManual de Bioquímica _b: para médicos, naturalistas y farmaceúticos / _cpor P. Karlson ; versión, F. Pulido. |
| 250 | _a3ª ed. | ||
| 260 |
_aBarcelona : _bMarín, _c[1969] |
||
| 300 |
_aXVI, 423 p. : _bil. ; _c24 cm. |
||
| 700 | 1 |
_aPulido, F. _994370 |
|
| 852 |
_aES-MaACL _jC-37798 _bR.70842 |
||
| 999 |
_c86384 _d86384 |
||